| 000 | 00799nam a22002417a 4500 | ||
|---|---|---|---|
| 003 | OSt | ||
| 005 | 20260530115316.0 | ||
| 008 | 260506b2011 enka|||| |||| 00| 0 eng d | ||
| 020 | _a9781840915679 | ||
| 040 |
_aICI _bspa _cICI |
||
| 041 | _aeng | ||
| 050 |
_aNK2117.C6 _bC66 2006 |
||
| 100 | 1 |
_aWilhide, Elizabeth , _eeditor _933735 |
|
| 245 | 1 | 0 |
_aTerence conran essential colour : _bthe back to basics guide to home design, decoration & furnishing / _cElizabeth Wilhid |
| 264 |
_aLondon : _bconran octopus , _c2011 |
||
| 300 |
_a112 páginas : _bilustraciones |
||
| 650 | 4 |
_aColor en decoración de interiores _933736 |
|
| 650 | 4 |
_aDiseño de interiores _919717 |
|
| 650 | 4 | _aTeoría del color | |
| 650 | 4 |
_aDecoración de interiores _96140 |
|
| 650 | 4 | _aDiseño ambiental | |
| 942 |
_2lcc _cBK _n1 |
||
| 999 |
_c13602 _d13602 |
||